Sports Quiz

Random Sports or Soccer Quiz

Top Scorers in Europe's Top Leagues Quiz Stats

Quiz Updated Jun 1, 2017

Challenge
Share
Tweet
Embed
Score 0/84 Timer 10:00
0 Plays Today
Goals Player % Correct
50Lionel Messi
99.5%
46Lionel Messi
99.5%
43Lionel Messi
99.5%
34Lionel Messi
99.5%
31Lionel Messi
99.5%
28Lionel Messi
99.5%
26Lionel Messi
99.5%
48Cristiano Ronaldo
99.4%
46Cristiano Ronaldo
99.3%
40Cristiano Ronaldo
99.3%
36Cristiano Ronaldo
99.3%
34Cristiano Ronaldo
99.3%
31Cristiano Ronaldo
99.3%
31Cristiano Ronaldo
99.3%
35Cristiano Ronaldo
99.3%
37Lionel Messi
99.3%
25Cristiano Ronaldo
99.3%
40Luis Suárez
96.8%
31Luis Suárez
96.8%
29Luis Suárez
96.3%
30Zlatan Ibrahimović
95.7%
28Zlatan Ibrahimović
95.7%
38Zlatan Ibrahimović
95.7%
26Zlatan Ibrahimović
95.7%
25Zlatan Ibrahimović
95.7%
30Thierry Henry
92.9%
27Thierry Henry
92.9%
25Thierry Henry
92.9%
Goals Player % Correct
29Harry Kane
92.2%
27Wayne Rooney
90.9%
26Wayne Rooney
90.9%
35Edinson Cavani
90.4%
26Sergio Agüero
88.8%
30Robert Lewandowski
88.6%
36Gonzalo Higuaín
88.4%
27Gonzalo Higuaín
88%
29Didier Drogba
86.1%
30Robert Lewandowski
85.7%
30Robin Van Persie
84.2%
26Robin Van Persie
84.2%
25Harry Kane
83%
25Romelu Lukaku
82%
31Pierre-Emerick Aubameyang
80.3%
28Alexandre Lacazette
77.1%
30Samuel Eto'o
76.4%
26Samuel Eto'o
76.4%
25Samuel Eto'o
76.4%
27Diego Costa
74.6%
26Francesco Totti
74.5%
29Edin Džeko
73.3%
29Edinson Cavani
68.9%
26Edinson Cavani
68.9%
28Radamel Falcao
68.6%
25Ruud Van Nistelrooy
65.1%
25Ruud Van Nistelrooy
65%
27Alexandre Lacazette
64%
Goals Player % Correct
25Pierre-Emerick Aubameyang
63.4%
28Mario Gómez
61.1%
26Mario Gómez
61.1%
32Diego Forlán
61%
25Diego Forlán
60.9%
28David Villa
60.9%
25David Villa
60.9%
28Dries Mertens
57.2%
29Antonio Di Natale
56.5%
28Antonio Di Natale
56.5%
29Klaas-Jan Huntelaar
55.4%
26Andrea Belotti
54.6%
25Miroslav Klose
51.4%
30Kevin Phillips
51%
26Edin Džeko
47%
31Luca Toni
43.7%
25Anthony Modeste
36.4%
25Stefan Kießling
32.2%
26Hernán Crespo
31.3%
28Grafite
28.8%
29Roy Makaay
26.6%
25Álvaro Negredo
22.9%
26Djibril Cissé
22.4%
28Aílton
16.3%
25Moussa Sow
14.3%
27Dani Güiza
13.6%
26Shabani Nonda
7.2%
27Salva Ballesta
3.4%

You're not logged in!

Compare scores with friends on all Sporcle quizzes.
Sign Up with Email
OR
Log In

You Might Also Like...

Show Comments

Extras

Top Quizzes Today


Score Distribution

Your Account Isn't Verified!

In order to create a playlist on Sporcle, you need to verify the email address you used during registration. Go to your Sporcle Settings to finish the process.